00833nam a2200169 a 450000100100000000500170001000800410002704000250006811101130009324500940020626000380030030000460033871000700038404900090045495201830046399900170064600004656620201002052950.0110224s2007 dr acd 000 0 spa d aDO-SdBNPbspacBNPHU2 aAsamblea general de delegadosn(36:d2007: 7-8, nov.cSan Pedro de Macorís, República Dominicana)97455610aInforme de actibidades a la trigesima sexta (XXXVI) Asamblea general de delegados 2006 /. aSanto Domingo :bCOOPNAMA,c2007. a61 p. :bils., gráfs., retrs. ;c29 cm.1 aCooperativa Nacional de Servicios Multiples de los Maestro952745 aBNPD 0010718PDaPDbPDcHDd2015-08-26iLF1l0o p46566-10r2020-06-25w2020-06-25yLFPDzPerteneció a la biblioteca personal de Chiqui Vicioso / Fidelio Despradel.ZNo se presta c46055d46055